[Event "GER-ch Youth U18 2019"]
[Site "Willingen"]
[Date "2019.06.09"]
[Round "1.1"]
[White "Engel, Luis"]
[Black "Schneider, Jana"]
[Result "1-0"]
[WhiteElo "2512"]
[BlackElo "2235"]
[Annotator "TA"]
[PlyCount "71"]
[EventDate "2019.06.07"]
[EventType "swiss"]
[EventRounds "9"]
[EventCountry "GER"]
[SourceTitle "playchess.com"]
[Source "ChessBase"]
[SourceQuality "1"]

{[%evp 23,71,29,29,23,39,43,54,31,53,48,59,51,62,69,119,102,129,148,143,106,118,115,239,241,241,241,241,241,241,241,235,231,234,227,276,271,272,263,355,339,337,321,487,479,471,471,432,459,524,493]} 1. e4 e6 2. d4 d5 3. Nd2 c5 4. exd5 Qxd5 5. Ngf3 cxd4 6. Bc4 Qd6 7. O-O Nf6 8. Nb3 Nc6 9. Nbxd4 Nxd4 10. Nxd4 Be7 11. c3 O-O 12. Qf3 Qc7 13. Bb3 {C07: French Tarrasch: 3...c5, 4 Ngf3 and 4 exd5 Qxd5} a6 14. Bg5 (14. Re1 Re8 15. Bf4 Bd6 16. Bxd6 Qxd6 17. Rad1 Qc7 18. Qg3 Qxg3 19. hxg3 Bd7 {½-½ (35) Predojevic,B (2626)-Skoberne,J (2572) Austria 2018}) 14... Bd6 15. h3 {White is slightly better.} Nd7 16. Rad1 $146 ({Predecessor:} 16. Bc2 Ne5 17. Qe4 f5 18. Qe2 Qf7 19. f4 Ng6 {½-½ (53) Pavlova,A (1728)-Pavlova,K Dagomys 2009}) 16... Ne5 17. Qe4 Ng6 18. h4 h6 19. h5 Nf4 20. Bxf4 $1 Bxf4 21. g3 Bd6 {[#]} 22. Rfe1 $1 Bd7 (22... Bc5 $16 {keeps fighting.}) 23. Bc2 $40 {[%csl Gc2][%cal Re4h7][%mdl 128] White is out for blood.} f5 24. Nxe6 fxe4 25. Nxc7 Bxc7 26. Rxd7 Bb6 27. Bb3+ (27. Rxe4 Rxf2 28. Rxb7 Bc5 $16) 27... Kh8 28. Bf7 ({Less strong is} 28. Rxe4 Rxf2 29. Kh1 (29. Rxb7 Rf4+ 30. Rxb6 Rxe4 $14) 29... Rxb2 $14) 28... Rae8 29. Rxb7 e3 30. fxe3 Bxe3+ 31. Kg2 Re5 32. Re2 Rf5 (32... Bf4 {was called for.}) 33. Rxe3 {White is clearly winning.} R8xf7 34. Rxf7 Rxf7 35. c4 Rd7 36. c5 {Accuracy: White = 95%, Black = 29%.} 1-0

[Event "GER-ch Youth U18 2019"]
[Site "Willingen"]
[Date "2019.06.09"]
[Round "1.2"]
[White "Goldbeck, Lars"]
[Black "Buckels, Valentin"]
[Result "*"]
[WhiteElo "2199"]
[BlackElo "2443"]
[Annotator "TA"]
[PlyCount "47"]
[EventDate "2019.06.07"]
[EventType "swiss"]
[EventRounds "9"]
[EventCountry "GER"]
[SourceTitle "playchess.com"]
[Source "ChessBase"]
[SourceQuality "1"]

{[%evp 9,47,0,0,0,0,-19,0,0,0,0,0,0,0,14,0,0,20,-15,-23,-17,13,9,59,48,46,54,41,45,52,28,31,34,41,39,29,8,18,-44,-51,-49]} 1. d4 Nf6 2. c4 e6 3. Nc3 Bb4 4. f3 c5 5. d5 b5 6. e4 {E20: Nimzo-Indian: 4 g3 and 4 f3} O-O 7. Nh3 bxc4 8. Bxc4 {The position is equal.} exd5 9. Bxd5 Nxd5 10. Qxd5 Ba6 11. Bf4 Nc6 {[%cal Bb8c6,Bc6d4,Bd4c2][%mdl 32]} 12. Kf2 Ba5 13. a3 $146 ({Predecessor:} 13. Rhd1 Nb4 14. Qd6 {1-0 (48) Anton Guijarro,D (2643)-Nguyen,T (2546) Prague 2019}) 13... Nd4 14. Rhd1 Bb6 15. Kg1 Nc2 16. Rac1 Bd3 17. Rxd3 c4+ $1 18. Kh1 cxd3 19. Qxd3 Nd4 20. Nd5 {[%mdl 1024] White has compensation.} Ne6 21. Bd6 {Be7 is the strong threat.} Re8 22. Qd2 Kh8 23. f4 (23. Be5 $11) 23... Rc8 $15 24. Re1 {Accuracy: White = 52%, Black = 63%.} *

[Event "GER-ch Youth U18 2019"]
[Site "Willingen"]
[Date "2019.06.09"]
[Round "1.3"]
[White "Parvanyan, Ashot"]
[Black "Ewert, Hannes"]
[Result "*"]
[WhiteElo "2421"]
[BlackElo "2268"]
[Annotator "TA"]
[PlyCount "38"]
[EventDate "2019.06.07"]
[EventType "swiss"]
[EventRounds "9"]
[EventCountry "GER"]
[SourceTitle "playchess.com"]
[Source "ChessBase"]
[SourceQuality "1"]

{[%evp 20,38,5,19,7,12,20,-12,0,-23,-3,-24,-11,-29,0,0,0,0,0,0,1]} 1. Nf3 d5 2. d4 Nf6 3. c4 e6 4. g3 Bb4+ 5. Bd2 Be7 6. Bg2 c6 7. O-O b6 8. b3 Nbd7 9. Qc2 Ba6 10. a4 O-O 11. Rd1 Ne4 {E15: Queen's Indian: 4 g3 sidelines, 4 g3 Ba6 and 4 g3 Bb7 early deviations} 12. Be1 f5 13. Na3 Rc8 14. b4 {[#]} Bd6 $146 ({Predecessor:} 14... c5 15. dxc5 bxc5 16. b5 Bb7 17. e3 Bf6 18. Rac1 Qe7 19. Qb3 {0-1 (32) Gelfand,B (2741)-Zhigalko,S (2656) Berlin 2015}) 15. Qb3 Qe7 16. b5 Bb7 17. bxc6 $1 {The position is equal.} Bxc6 18. cxd5 Bxd5 19. Qb2 $1 a5 *

[Event "GER-ch Youth U18 2019"]
[Site "Willingen"]
[Date "2019.06.09"]
[Round "1.4"]
[White "Arndt, Magnus"]
[Black "Martin, Julian"]
[Result "1-0"]
[WhiteElo "2186"]
[BlackElo "2370"]
[Annotator "TA"]
[PlyCount "75"]
[EventDate "2019.06.07"]
[EventType "swiss"]
[EventRounds "9"]
[EventCountry "GER"]
[SourceTitle "playchess.com"]
[Source "ChessBase"]
[SourceQuality "1"]

{[%evp 9,75,6,6,12,9,-15,0,0,0,0,-10,-7,0,0,35,6,0,5,4,6,22,-26,-22,-34,-8,-12,-25,-18,25,33,30,29,17,27,43,42,81,74,70,64,129,127,121,123,269,158,243,218,263,267,280,263,267,204,279,220,206,220,200,196,245,252,324,297,284,337,401,378]} 1. d4 Nf6 2. Nf3 b6 3. Bf4 Bb7 4. e3 Nh5 (4... e6 5. c4 Bb4+ 6. Nfd2 O-O 7. a3 Be7 8. Nc3 c5 9. d5 d6 10. e4 Nbd7 11. Be2 Ne8 12. O-O Bf6 13. Bg3 Bxc3 14. bxc3 e5 15. a4 a5 16. Nb1 Bc8 {0-1 (57) Grachev,B (2626)-Duda,J (2738) St Petersburg 2018}) 5. Bg5 h6 6. Bh4 {A47: 1 d4 Nf6 2 Nf3 b6: Torre, London and Colle Systems} g5 7. Bg3 Nxg3 8. hxg3 {The position is equal.} Bg7 9. Nbd2 d6 10. c3 Nd7 11. Bd3 e5 $146 ({Predecessor:} 11... e6 12. Qe2 {0-1 (67) Dziuba,M (2584)-Mitkov,M (2333) Katowice 2017}) 12. Qe2 Qe7 {Strongly threatening ...e4.} 13. Ba6 Bxa6 $1 14. Qxa6 O-O 15. Qc4 e4 16. Nh2 Nf6 17. g4 c5 18. Ndf1 cxd4 19. exd4 {[#]} b5 $1 {[%mdl 512]} 20. Qb3 (20. Qxb5 Rab8) 20... Qd7 21. Ne3 Rfe8 22. Qd1 Qe6 23. Nhf1 Rab8 24. Qe2 b4 {[#]} (24... Bf8 $14) 25. c4 $1 $16 d5 {and if ...dxc4 works, Black does fine.} 26. c5 b3 (26... Kf8 $16 27. Ng3 Ng8) 27. a3 ({Better is} 27. Ng3 $18) 27... Nd7 (27... h5 $16 {was called for.} 28. gxh5 Nh7) 28. Nf5 $18 Bf8 29. N1e3 Qc6 30. O-O-O Re6 31. Kb1 Rbe8 32. Rh3 a5 33. Rdh1 a4 34. Nd1 Rf6 35. Nc3 Bg7 36. Qb5 Qxb5 37. Nxb5 Nf8 38. Nbd6 {Accuracy: White = 67%, Black = 49%.} 1-0

[Event "GER-ch Youth U18 2019"]
[Site "Willingen"]
[Date "2019.06.09"]
[Round "1.5"]
[White "Roseneck, Jonas"]
[Black "Wendler, David"]
[Result "1-0"]
[WhiteElo "2403"]
[BlackElo "2166"]
[Annotator "NA RC"]
[PlyCount "161"]
[EventDate "2019.06.07"]
[EventType "swiss"]
[EventRounds "9"]
[EventCountry "GER"]
[SourceTitle "playchess.com"]
[Source "ChessBase"]
[SourceQuality "1"]
[TimeControl "40/5400+30:1800+30"]

1. e4 {[%emt 0:00:00]} g6 {[%emt 0:00:00]} 2. d4 {[%emt 0:00:00]} Bg7 {[%emt 0:00:03]} 3. Nf3 {[%emt 0:00:00]} d6 {[%emt 0:00:38]} 4. Bc4 {[%emt 0:00:00]} Nf6 {[%emt 0:00:57]} 5. Qe2 {[%emt 0:00:00]} Nc6 {[%emt 0:04:21]} 6. h3 {[%emt 0:11:25]} e5 {[%emt 0:07:18]} 7. dxe5 {[%emt 0:04:34]} Nxe5 {[%emt 0:05:34]} 8. Nxe5 {[%emt 0:02:29]} dxe5 {[%emt 0:00:06]} 9. Nc3 {[%emt 0:04:58]} c6 {[%emt 0:03:02]} 10. Be3 {[%emt 0:03:06]} Qe7 {[%emt 0:04:39]} 11. O-O {[%emt 0:05:36]} O-O {[%emt 0:09:22]} 12. a4 {[%emt 0:00:52]} Nd7 {[%emt 0:17:43]} 13. f3 {[%emt 0:11:35]} Re8 {[%emt 0:08:34]} 14. a5 {[%emt 0:05:07]} Nc5 {[%emt 0:05:34]} 15. Qf2 {[%emt 0:01:00]} Bf8 {[%emt 0:01:02]} 16. Rfd1 {[%emt 0:08:18]} Be6 {[%emt 0:03:54]} 17. Bxe6 {[%emt 0:01:49]} Nxe6 {[%emt 0:03:42]} 18. Na4 {[%emt 0:07:03]} a6 {[%emt 0:05:31]} 19. Bb6 {[%emt 0:01:56]} Qg5 {[%emt 0:07:06]} 20. Rd7 {[%emt 0:06:37]} Re7 {[%emt 0:00:15]} 21. Rad1 {[%emt 0:03:57]} Rae8 {[%emt 0:00:59]} 22. Kh2 {[%emt 0:03:58]} Rxd7 {[%emt 0:02:42]} 23. Rxd7 {[%emt 0:00:02]} Re7 {[%emt 0:00:16]} 24. Rd1 {[%emt 0:00:05]} f5 {[%emt 0:01:32]} 25. Be3 {[%emt 0:06:09]} Qf6 {[%emt 0:00:29]} 26. Nb6 {[%emt 0:01:14]} Rf7 {[%emt 0:04:12]} 27. exf5 {[%emt 0:04:01]} gxf5 {[%emt 0:00:14]} 28. Nd7 {[%emt 0:01:01]} Qg7 {[%emt 0:01:41]} 29. Nxf8 {[%emt 0:00:15]} Qxf8 {[%emt 0:01:31]} 30. Qh4 {[%emt 0:01:57]} Rg7 {[%emt 0:01:23]} 31. Bb6 {[%emt 0:03:18]} Qe7 {[%emt 0:00:28]} 32. Qc4 {[%emt 0:00:55]} Kh8 {[%emt 0:00:03]} 33. Rd2 {[%emt 0:01:09]} Rg8 {[%emt 0:00:30]} 34. Qc3 {[%emt 0:01:08]} Qg7 {[%emt 0:00:29]} 35. g4 {[%emt 0:00:39]} h5 {[%emt 0:00:55]} 36. Re2 {[%emt 0:00:37]} hxg4 {[%emt 0:00:32]} 37. Rxe5 {[%emt 0:00:15]} g3+ {[%emt 0:00:28]} 38. Kg1 {[%emt 0:00:11]} Ng5 {[%emt 0:00:40]} 39. Rxf5 {[%emt 0:01:41]} Qxc3 {[%emt 0:00:30]} 40. bxc3 {[%emt 0:00:01]} Nxh3+ {[%emt 0:00:32]} 41. Kg2 {[%emt 0:30:32]} Ng5 {[%emt 0:01:09]} 42. Kxg3 {[%emt 0:00:00]} Kh7 {[%emt 0:06:17]} 43. Kf4 {[%emt 0:00:00]} Kh6 {[%emt 0:02:38]} 44. Be3 {[%emt 0:00:00]} Ne6+ {[%emt 0:00:43]} 45. Ke5+ {[%emt 0:00:00]} Kg7 {[%emt 0:00:31]} 46. Bb6 {[%emt 0:00:00]} Re8 {[%emt 0:01:53]} 47. Kd6 {[%emt 0:00:00]} Nf8 {[%emt 0:04:42]} 48. Bd4+ {[%emt 0:00:00]} Kg6 {[%emt 0:00:26]} 49. Rf6+ {[%emt 0:00:00]} Kg5 {[%emt 0:00:51]} 50. Rf7 {[%emt 0:00:00]} Re6+ {[%emt 0:02:04]} 51. Kc5 {[%emt 0:00:00]} Ng6 {[%emt 0:00:22]} 52. Rxb7 {[%emt 0:00:00]} Ne7 {[%emt 0:00:27]} 53. Ra7 {[%emt 0:00:00]} Kf4 {[%emt 0:00:11]} 54. Rxa6 {[%emt 0:00:00]} Kxf3 {[%emt 0:00:15]} 55. Rb6 {[%emt 0:00:00]} Rg6 {[%emt 0:00:36]} 56. c4 {[%emt 0:00:00]} Ke4 {[%emt 0:00:59]} 57. c3 {[%emt 0:00:00]} Rg5+ {[%emt 0:02:03]} 58. Kb4 {[%emt 0:00:00]} Rg2 {[%emt 0:00:40]} 59. Kb3 {[%emt 0:00:00]} Kf5 {[%emt 0:00:35]} 60. a6 {[%emt 0:00:00]} Rg8 {[%emt 0:00:53]} 61. a7 {[%emt 0:00:00]} Ra8 {[%emt 0:00:19]} 62. Rb8 {[%emt 0:00:00]} Rxa7 {[%emt 0:00:07]} 63. Bxa7 {[%emt 0:00:00]} Ke6 {[%emt 0:00:07]} 64. Re8 {[%emt 0:00:00]} Kd7 {[%emt 0:00:08]} 65. Rxe7+ {[%emt 0:00:00]} Kxe7 {[%emt 0:00:09]} 66. Kb4 {[%emt 0:00:00]} Kd7 {[%emt 0:00:08]} 67. Kc5 {[%emt 0:00:00]} Kc7 {[%emt 0:00:13]} 68. Bb6+ {[%emt 0:00:00]} Kb7 {[%emt 0:00:07]} 69. Ba5 {[%emt 0:00:00]} Ka6 {[%emt 0:00:15]} 70. Kxc6 {[%emt 0:00:00]} Kxa5 {[%emt 0:00:32]} 71. Kb7 {[%emt 0:00:00]} Ka4 {[%emt 0:00:11]} 72. c5 {[%emt 0:00:00]} Kb5 {[%emt 0:00:08]} 73. c6 {[%emt 0:00:00]} Kc4 {[%emt 0:00:07]} 74. c7 {[%emt 0:00:00]} Kxc3 {[%emt 0:00:07]} 75. c8=Q+ {[%emt 0:00:00]} Kd4 {[%emt 0:00:10]} 76. Qf5 {[%emt 0:00:00]} Kc4 {[%emt 0:00:06]} 77. Qe5 {[%emt 0:00:00]} Kd3 {[%emt 0:00:10]} 78. Qf4 {[%emt 0:00:00]} Ke2 {[%emt 0:00:08]} 79. Qg3 {[%emt 0:00:00]} Kd2 {[%emt 0:00:10]} 80. Qf3 {[%emt 0:00:00]} Kc2 {[%emt 0:00:07]} 81. Qe3 {[%emt 0:00:00] normal Kd3 Qxd3} 1-0

[Event "GER-ch Youth U18 2019"]
[Site "Willingen"]
[Date "2019.06.09"]
[Round "1.6"]
[White "Schnabel, Bennett"]
[Black "Muckle, Julius"]
[Result "0-1"]
[WhiteElo "2125"]
[BlackElo "2370"]
[Annotator "TA"]
[PlyCount "78"]
[EventDate "2019.06.07"]
[EventType "swiss"]
[EventRounds "9"]
[EventCountry "GER"]
[SourceTitle "playchess.com"]
[Source "ChessBase"]
[SourceQuality "1"]

{[%evp 19,78,25,35,8,25,0,14,14,43,14,8,19,12,11,16,0,42,0,30,8,50,27,28,17,16,7,24,14,46,29,39,39,68,6,0,2,26,11,3,-21,0,0,0,-17,-3,-303,-335,-385,-385,-385,-385,-388,-385,-385,-385,-385,-385,-702,-702,-1545,-1466]} 1. e4 e6 2. d4 d5 3. Nd2 c5 4. Ngf3 Nc6 5. exd5 exd5 6. Bb5 Bd6 7. O-O Nge7 8. dxc5 Bxc5 9. Nb3 Bd6 10. Bg5 O-O 11. Qd2 {C09: French Tarrasch: 3...c5 4 exd5 exd5 5 Ngf3 Nc6} (11. Bh4 Qb6 12. Be2 a5 13. a4 Nf5 14. Bg5 h6 15. Bd2 d4 16. Bc4 Be6 17. Bxe6 fxe6 18. Qe2 e5 19. Rae1 Rae8 {1-0 (50) McShane,L (2671)-Agdestein,S (2626) London 2014}) 11... Qc7 12. Be2 h6 $146 ({Predecessor:} 12... Re8 13. Rfe1 Be6 14. h3 h6 15. Bxe7 Rxe7 16. c3 Bf5 17. Nfd4 Bf4 18. Qd1 Be4 {0-1 (57) Lyell,M (2129)-Nagy,E (2229) Budapest 2016}) 13. Bxe7 {The position is equal.} Nxe7 14. Nbd4 a6 15. c3 Nc6 16. Rad1 Re8 17. h3 Re4 18. Rfe1 Bd7 19. Bd3 Rf4 (19... Bf4 $5 20. Qc2 $8 Nxd4 21. Nxd4 Bh2+ 22. Kh1 Rxe1+ 23. Rxe1 Bd6 $11) 20. Bb1 Rd8 21. a3 Rf6 22. Qc2 {Intending Qh7+ and mate.} g6 23. Ba2 Ne7 24. Re2 b5 25. Rde1 Bc8 26. a4 (26. Qd2 $14 Kg7 27. Ne5) 26... bxa4 $1 $11 27. Qxa4 Kg7 28. Ne5 Bc5 29. b4 Bxd4 30. cxd4 Nf5 31. Rc2 Qb6 32. Rxc8 $2 {[%mdl 8192]} (32. Rc5 $11) 32... Rxc8 $19 33. Nd7 Qc6 34. Qxc6 Rfxc6 35. Nc5 Nxd4 36. Bxd5 Rd6 37. Bc4 Rc7 38. Rc1 $2 {[#]} (38. Bxa6 Rxc5 {[%mdl 64] Remove Defender} 39. bxc5 Rxa6 40. Kh2) 38... a5 $1 39. Na6 {[#]} (39. bxa5 Rxc5) 39... Rxa6 $1 {[%mdl 576] Pin. Accuracy: White = 11%, Black = 58%.} 0-1

[Event "GER-ch Youth U18 2019"]
[Site "Willingen"]
[Date "2019.06.09"]
[Round "1.7"]
[White "Ries, Alexander"]
[Black "Wong, Gengchun"]
[Result "1-0"]
[WhiteElo "1928"]
[BlackElo "2144"]
[Annotator "NA"]
[PlyCount "73"]
[EventDate "2019.06.07"]
[EventType "swiss"]
[EventRounds "9"]
[EventCountry "GER"]
[SourceTitle "playchess.com"]
[Source "ChessBase"]
[SourceQuality "1"]
[TimeControl "40/5400+30:1800+30"]

1. d4 {[%emt 0:00:00]} d5 {[%emt 0:00:00]} 2. c4 {[%emt 0:00:00]} dxc4 {[%emt 0:00:00]} 3. Nf3 {[%emt 0:01:24]} Nf6 {[%emt 0:00:00]} 4. e3 {[%emt 0:00:49]} e6 {[%emt 0:00:00]} 5. Bxc4 {[%emt 0:00:47]} c5 {[%emt 0:00:00]} 6. Qe2 {[%emt 0:08:44]} a6 {[%emt 0:02:16]} 7. dxc5 {[%emt 0:00:37]} Bxc5 {[%emt 0:00:30]} 8. O-O {[%emt 0:00:15]} b5 {[%emt 0:09:38]} 9. Bd3 {[%emt 0:01:26]} O-O {[%emt 0:00:23]} 10. a4 {[%emt 0:06:23]} b4 {[%emt 0:02:46]} 11. b3 {[%emt 0:02:45]} Bb7 {[%emt 0:20:44]} 12. Bb2 {[%emt 0:04:01]} Nbd7 {[%emt 0:08:46]} 13. Nbd2 {[%emt 0:04:17]} Qe7 {[%emt 0:06:13]} 14. Nc4 {[%emt 0:07:47]} Ne4 {[%emt 0:17:11]} 15. Rac1 {[%emt 0:16:15]} a5 {[%emt 0:07:34]} 16. Nd4 {[%emt 0:05:07]} e5 {[%emt 0:08:35]} 17. Nf5 {[%emt 0:05:29]} Qg5 {[%emt 0:02:35]} 18. Bxe4 {[%emt 0:07:12]} Bxe4 {[%emt 0:00:16]} 19. Ng3 {[%emt 0:00:05]} Bb7 {[%emt 0:02:19]} 20. Nxe5 {[%emt 0:04:06]} Nxe5 {[%emt 0:02:12]} 21. Rxc5 {[%emt 0:02:09]} Ba6 {[%emt 0:06:48]} 22. Rxe5 {[%emt 0:01:00]} Qxe5 {[%emt 0:00:14]} 23. Bxe5 {[%emt 0:00:06]} Bxe2 {[%emt 0:00:02]} 24. Nxe2 {[%emt 0:00:09]} f6 {[%emt 0:00:36]} 25. Bb2 {[%emt 0:00:34]} Rac8 {[%emt 0:00:33]} 26. Nd4 {[%emt 0:00:08]} f5 {[%emt 0:00:48]} 27. g3 {[%emt 0:00:37]} g6 {[%emt 0:00:35]} 28. Kg2 {[%emt 0:00:31]} Rfe8 {[%emt 0:00:20]} 29. Kf3 {[%emt 0:00:34]} Kf7 {[%emt 0:00:15]} 30. Ke2 {[%emt 0:00:12]} g5 {[%emt 0:01:05]} 31. Rc1 {[%emt 0:03:39]} Rxc1 {[%emt 0:01:15]} 32. Bxc1 {[%emt 0:00:07]} Kg6 {[%emt 0:00:09]} 33. Nc6 {[%emt 0:01:26]} Ra8 {[%emt 0:00:24]} 34. Ne5+ {[%emt 0:01:08]} Kf6 {[%emt 0:00:44]} 35. Bb2 {[%emt 0:00:11]} Ke6 {[%emt 0:00:46]} 36. Nc4 {[%emt 0:00:08]} g4 {[%emt 0:00:09]} 37. Bd4 {[%emt 0:00:12] normal} 1-0

[Event "GER-ch Youth U18 2019"]
[Site "Willingen"]
[Date "2019.06.09"]
[Round "1.8"]
[White "Hinrichs, Niklas"]
[Black "Schmider, Niklas"]
[Result "1-0"]
[WhiteElo "2115"]
[BlackElo "2300"]
[Annotator "TA"]
[PlyCount "65"]
[EventDate "2019.06.07"]
[EventType "swiss"]
[EventRounds "9"]
[EventCountry "GER"]
[SourceTitle "playchess.com"]
[Source "ChessBase"]
[SourceQuality "1"]

{[%evp 9,65,16,27,25,19,4,25,10,10,-52,25,25,27,20,0,0,0,0,0,0,13,14,37,35,39,31,27,38,33,16,18,0,0,0,0,0,33,37,32,11,22,-2,0,-65,-9,-74,-22,-28,-46,-33,-30,0,0,0,356,375,573,424]} 1. d4 Nf6 2. c4 g6 3. Nc3 d5 4. cxd5 Nxd5 5. Bd2 Nb6 6. e3 {D85: Exchange Grünfeld: Unusual White 7th moves and lines with 7 Nf3} Bg7 7. f4 N8d7 (7... O-O 8. Nf3 c5 9. dxc5 N6d7 10. Ne4 Bxb2 11. Rb1 Bg7 12. Bc4 Na6 13. Bxa6 bxa6 {½-½ (29) Riazantsev,A (2650)-Svidler,P (2765) St Petersburg 2017}) 8. Ne4 {White has an edge.} Nf6 $146 ({Predecessor:} 8... Nd5 9. Bc4 e6 10. Nf3 O-O 11. O-O b6 12. Rc1 Bb7 13. Qc2 c5 {0-1 (68) Tari,A (2521)-Mikhalevski,V (2536) Berlin 2015}) 9. Nxf6+ ({White should try} 9. Nf2 $11) 9... Bxf6 (9... exf6 $15 10. Bd3 f5) 10. Nf3 $11 Bg4 11. Be2 c5 12. dxc5 Nd7 13. O-O Nxc5 14. Rc1 Qb6 15. Qc2 Ne6 16. Qa4+ Kf8 17. Ne5 Bxe5 $1 18. Bxg4 Bf6 19. f5 Ng7 20. Rc2 h5 21. Bh3 g5 {[#] And now ...g4 would win.} 22. g3 h4 23. g4 Ne8 24. Qa3 Nd6 25. Rd1 Kg7 26. Ba5 (26. Rdc1 $11) 26... Qb5 (26... Nb5 $15 27. Bxb6 Nxa3 28. bxa3 axb6) 27. Bb4 (27. Bc7 $11) 27... Nc4 (27... Rac8 $17 28. Bf1 Qe5 29. Bxd6 exd6) 28. Qb3 Nxe3 {[%mdl 64] [#] Double Attack} 29. a4 $1 {[%cal Ra4b5]} Qb6 30. a5 $36 {[%mdl 2048] White has the initiative.} Qb5 31. Rc5 $1 {[%cal Rc5b5]} Qa6 $2 {[%mdl 8192]} ({Avoid the trap} 31... Qe2 $2 32. Re1 $18) (31... Qxb4 $1 $11 {and Black stays safe.} 32. Qxb4 Nxd1) 32. Qxe3 $18 {Strongly threatening Bf1.} b6 (32... Rad8 {is a better defense.} 33. Rcc1 Rxd1+ 34. Rxd1 Re8) 33. Rc7 {Accuracy: White = 55%, Black = 36%.} 1-0

[Event "GER-ch Youth U18 2019"]
[Site "Willingen"]
[Date "2019.06.09"]
[Round "1.9"]
[White "Färber, David"]
[Black "Engel, Robert"]
[Result "*"]
[WhiteElo "2293"]
[BlackElo "2067"]
[Annotator "TA"]
[PlyCount "40"]
[EventDate "2019.06.07"]
[EventType "swiss"]
[EventRounds "9"]
[EventCountry "GER"]
[SourceTitle "playchess.com"]
[Source "ChessBase"]
[SourceQuality "1"]

{[%evp 14,40,33,25,25,23,21,18,25,28,56,46,60,60,62,66,81,30,58,33,52,46,53,42,97,97,127,139,141]} 1. c4 e5 2. Nc3 Nf6 3. Nf3 Nc6 4. e3 d5 5. cxd5 Nxd5 6. Bb5 Nxc3 7. bxc3 Bd6 8. d4 O-O {A28: English Opening: Four Knights Variation} (8... Bd7 9. O-O O-O 10. Rb1 Re8 11. d5 Na5 12. e4 Bxb5 13. Rxb5 b6 14. Be3 Qd7 15. Qe2 c6 16. dxc6 Qxc6 17. Rd1 {1-0 (33) Inarkiev,E (2693)-Najer,E (2670) St Petersburg 2018}) 9. Bxc6 bxc6 10. dxe5 Bc5 {The position is equal.} 11. O-O Qe7 $146 ({Predecessor:} 11... Rb8 12. Nd4 Bd7 13. Nb3 Bb6 14. c4 c5 15. a4 a5 16. Bb2 {1-0 (42) Huettemann,K (2096)-Loehr,H (1719) Neustadt 2018}) 12. Qa4 Rd8 13. e4 {[#] Bg5 is the strong threat.} h6 14. Bf4 Bd7 15. Rad1 (15. Nd4 $16) 15... Bb6 $11 16. Rd2 c5 17. Qc2 Bg4 18. Rfd1 g5 ({Black should play} 18... Rxd2 $14 19. Rxd2 (19. Qxd2 c6 $14) 19... g5) 19. Bg3 $16 h5 {[#] And now ...h4 would win.} 20. h3 h4 {Accuracy: White = 69%, Black = 52%.} *

[Event "GER-ch Youth U18 2019"]
[Site "Willingen"]
[Date "2019.06.09"]
[Round "1.10"]
[White "Runte, Moritz"]
[Black "Browning, Alex"]
[Result "0-1"]
[WhiteElo "2096"]
[BlackElo "2319"]
[Annotator "TA"]
[PlyCount "92"]
[EventDate "2019.06.07"]
[EventType "swiss"]
[EventRounds "9"]
[EventCountry "GER"]
[SourceTitle "playchess.com"]
[Source "ChessBase"]
[SourceQuality "1"]

{[%evp 13,92,0,12,0,26,-3,6,10,15,15,40,35,25,-22,0,-7,-5,-29,-7,-131,-112,-112,-53,-122,-107,-185,-49,-35,-45,-83,-84,-91,-41,-35,26,26,53,0,5,-27,-27,-20,-8,-7,-14,-9,0,0,21,19,25,0,0,1,5,-318,0,-8628,-9874,-6179,-6179,-6111,-6111,-6111,-6091,-6091,-6079,-5422,-5421,-29980,-29981,-29981,-29982,-29982,-29983,-29982,-29983,-29996,-29997,-29997,-29998]} 1. d4 Nf6 2. Nf3 g6 3. Bg5 Bg7 4. Nbd2 d5 5. e3 O-O 6. c3 c5 7. Bd3 b6 8. a4 {D03: 1 d4 d5 2 Nf3 Nf6 3 Bg5, including Torre Attack with early ...d5} (8. O-O Nc6 9. Re1 h6 10. Bxf6 Bxf6 11. e4 e6 12. e5 Be7 13. a3 a5 14. Qe2 Kg7 15. Nf1 a4 16. Ne3 Bd7 {½-½ (36) Bareev,E (2650)-Gledura,B (2615) Wijk aan Zee 2019}) 8... Nbd7 9. b4 a5 $146 ({Predecessor:} 9... Re8 10. Bb5 Bb7 11. O-O a6 12. Bxf6 Bxf6 13. Bxd7 Qxd7 14. bxc5 bxc5 15. Nb3 c4 {½-½ (43) Gritsak,O (2475)-Socko,B (2485) Krynica 1998}) 10. bxc5 {The position is equal.} bxc5 11. O-O Bb7 12. Rb1 Ra7 13. Bc2 Re8 14. Re1 Qa8 15. Qe2 e5 16. dxc5 (16. Nxe5 $11 {keeps the balance.} Nxe5 17. dxe5 Rxe5 18. Bxf6 Bxf6 19. c4) 16... Nxc5 $17 17. Bxf6 Bxf6 (17... Ba6 $1 $17 {[%cal Ra6e2]} 18. Qd1 Bxf6) 18. Qb5 (18. e4 $1 $15) 18... Rc8 $1 19. c4 (19. Qb2 $17 {might work better.}) 19... Ne6 ({Black should try} 19... d4 $19 {White must now prevent ...dxe3.} 20. Qb6 Ra6) 20. cxd5 $1 $15 Bxd5 ({But not} 20... Rxc2 $6 21. dxe6 Bxf3 22. exf7+ (22. Nxf3 fxe6 23. Nxe5 Rac7 $16) 22... Rxf7 23. Nxf3 $16) 21. Bb3 Bc6 22. Qf1 Re8 23. Rec1 Rd8 ({Black should play} 23... Rc7 $15) 24. Bxe6 $11 fxe6 25. Rb6 (25. Qc4 $14 Bd5 26. Qg4) 25... Rc8 26. Qd1 {With the idea Qb3.} Rac7 {And now ...Bxf3 would win.} 27. Rcb1 e4 28. Nd4 Bxd4 29. exd4 e3 30. fxe3 Bxg2 {...Be4 is the strong threat.} 31. Qg4 $1 {[%cal Rg4e6]} ({Don't go for} 31. Rxe6 $2 Bh3 $19) 31... Rc1+ 32. Rxc1 Rxc1+ 33. Kf2 Bd5 34. e4 $2 {[%mdl 8192]} (34. Qf4 $11 Qd8 35. Rb8 $1 {[%mdl 512]}) 34... Qf8+ $2 (34... Qa7 $1 $19 35. exd5 Qxb6 36. Qxe6+ Qxe6 37. dxe6 Kf8) 35. Ke2 $2 {[%mdl 8192] [#]} (35. Nf3 $11 Rc2+ 36. Kg3) 35... Bc4+ $1 $19 {[%mdl 64] Overworked Piece} 36. Nxc4 Qf1+ 37. Ke3 Rc3+ 38. Kd2 Qd3+ {[%mdl 64] Double Attack} 39. Ke1 Rc1+ 40. Kf2 Rc2+ 41. Ke1 {[#]} Qc3+ $1 {Black mates.} 42. Kd1 Rc1+ 43. Ke2 Qxc4+ 44. Kf3 Qc3+ 45. Kg2 Rc2+ 46. Kf1 Qa1+ {[%mdl 64] Double Attack. Accuracy: White = 29%, Black = 39%.} 0-1